Stories to solve : (Registro nro. 9764)

Detalles MARC
000 -LEADER
fixed length control field 01115nam a2200385 4500
001 - CONTROL NUMBER
control field 3314636
003 - CONTROL NUMBER IDENTIFIER
control field DO-SdBNP
005 - DATE AND TIME OF LATEST TRANSACTION
control field 20180222125101.0
007 - PHYSICAL DESCRIPTION FIXED FIELD--GENERAL INFORMATION
fixed length control field 3314636
008 - FIXED-LENGTH DATA ELEMENTS--GENERAL INFORMATION
fixed length control field 840806s1985 xxu a j b 000 0 eng
010 ## - LIBRARY OF CONGRESS CONTROL NUMBER
LC control number
020 ## - INTERNATIONAL STANDARD BOOK NUMBER
International Standard Book Number 0590138324
020 ## - INTERNATIONAL STANDARD BOOK NUMBER
International Standard Book Number
040 ## - CATALOGING SOURCE
Original cataloging agency BPMAU
Transcribing agency spa
Modifying agency BPMSU
041 ## - LANGUAGE CODE
Language code of text/sound track or separate title spa
Language code of sung or spoken text eng
042 ## - AUTHENTICATION CODE
Authentication code
050 00 - LIBRARY OF CONGRESS CALL NUMBER
Classification number
Item number
082 00 - DEWEY DECIMAL CLASSIFICATION NUMBER
Classification number
--
Edition number
100 1# - MAIN ENTRY--PERSONAL NAME
Personal name Shannon, George.
245 10 - TITLE STATEMENT
Title Stories to solve :
Remainder of title folktales from around the world /
Statement of responsibility, etc. told by George Shannon ; illustrated by Peter Sis.
250 ## - EDITION STATEMENT
Edition statement
260 ## - PUBLICATION, DISTRIBUTION, ETC. (IMPRINT)
Place of publication, distribution, etc. New York :
Name of publisher, distributor, etc. Greenwillow Books,
Date of publication, distribution, etc. 1985.
300 ## - PHYSICAL DESCRIPTION
Extent 57 p. :
Other physical details il. ;
Dimensions 23 cm.
504 ## - BIBLIOGRAPHY, ETC. NOTE
Bibliography, etc Bibliography: p. 54-55.
520 ## - SUMMARY, ETC.
Summary, etc. Brief folktales in which there is a mystery or problem that the reader is invited to solve before the resolution is presented.
650 #0 - SUBJECT ADDED ENTRY--TOPICAL TERM
Topical term or geographic name as entry element Tales.
650 #1 - SUBJECT ADDED ENTRY--TOPICAL TERM
Topical term or geographic name as entry element Folklore.
650 #1 - SUBJECT ADDED ENTRY--TOPICAL TERM
Topical term or geographic name as entry element Literary recreations.
650 #1 - SUBJECT ADDED ENTRY--TOPICAL TERM
Topical term or geographic name as entry element Riddles.
700 12 - ADDED ENTRY--PERSONAL NAME
Personal name Sís, Peter,
Dates associated with a name 1949-
Relator term il.
856 42 - ELECTRONIC LOCATION AND ACCESS
Materials specified
Uniform Resource Identifier <a href=" "> </a>
942 ## - ADDED ENTRY ELEMENTS (KOHA)
Source of classification or shelving scheme Dewey Decimal Classification
Koha item type Libros
945 ## - LOCAL PROCESSING INFORMATION (OCLC)
a Inventariado, 2018 /LP
956 ## - LOCAL ELECTRONIC LOCATION AND ACCESS (OCLC)
Host name VMATEO
Access number 10
Compression information 20160414
Processor of request BPMSU
Existencias
Withdrawn status Lost status Source of classification or shelving scheme Damaged status Not for loan Collection code Home library Current library Date acquired Source of acquisition Total Checkouts Barcode Date last seen Price effective from Koha item type
    Dewey Decimal Classification     Colección Infantil General Biblioteca Pública Metropolitana Salomé Ureña Biblioteca Pública Metropolitana Salomé Ureña 04/14/2016 Fundación Educativa y Cultural (FUNDI)   BPMSU16040430 04/14/2016 04/14/2016 Libros